Southville International School and Colleges
Your cart is empty.
  • Cart
  • Lists
    Public lists list_1 View all
    Your lists Log in to create your own lists
  • Log in to your account
  • Your cookies
  • Search history
Southville International School and Colleges
  • Advanced search
  • Recent comments
  • Most popular
  • Libraries

Log in to your account

Log in with GOOGLE


If you do not have an external account, but do have a local account, you can still log in:

  1. Home
  2. MARC view: The Complete book of time and money, ages 5-8.
Normal view MARC view ISBD view

The Complete book of time and money, ages 5-8. (Record no. 112779)

[ view plain ]
MARC details
000 -LEADER
fixed length control field 00534nam a2200181 a 4500
001 - CONTROL NUMBER
control field 3585
005 - DATE AND TIME OF LATEST TRANSACTION
control field 20140414131951.0
008 - FIXED-LENGTH DATA ELEMENTS--GENERAL INFORMATION
fixed length control field 050727s19uu xx 00 eng d
020 ## - INTERNATIONAL STANDARD BOOK NUMBER
International Standard Book Number 1-56189-500-8
050 ## - LIBRARY OF CONGRESS CALL NUMBER
Classification number TR 332.024
Item number Co73 2001
245 #4 - TITLE STATEMENT
Title The Complete book of time and money, ages 5-8.
260 ## - PUBLICATION, DISTRIBUTION, ETC. (IMPRINT)
Place of publication, distribution, etc Columbus, Ohio :
Name of publisher, distributor, etc McGraw-Hill Children's Pub.,
Date of publication, distribution, etc 2001.
300 ## - PHYSICAL DESCRIPTION
Extent 352 p. : ill. ; cm.
650 ## - SUBJECT ADDED ENTRY--TOPICAL TERM
Topical term or geographic name as entry element Mathematics
General subdivision Juvenile literature.
650 ## - SUBJECT ADDED ENTRY--TOPICAL TERM
Topical term or geographic name as entry element Time
General subdivision Activities.
650 ## - SUBJECT ADDED ENTRY--TOPICAL TERM
Topical term or geographic name as entry element Money
General subdivision Activities.
Holdings
Withdrawn status Lost status Damaged status Home library Current library Shelving location Date acquired Source of acquisition Cost, normal purchase price Total Checkouts Full call number Barcode Date last seen Price effective from Koha item type
      Munich Library Munich Library Teachers Reference Section 07/27/2005   249.00   TR 332.024 Co73 2001 M4169 04/14/2014 04/14/2014 Books

The Complete book of time and money, ages 5-8.

APA

(2001). The Complete book of time and money, ages 5-8. Columbus, Ohio: McGraw-Hill Children's Pub.

Chicago

2001. The Complete book of time and money, ages 5-8. Columbus, Ohio: McGraw-Hill Children's Pub.

Harvard

(2001). The Complete book of time and money, ages 5-8. Columbus, Ohio: McGraw-Hill Children's Pub.

MLA

The Complete book of time and money, ages 5-8. Columbus, Ohio: McGraw-Hill Children's Pub. 2001.

  • Place hold
  • Print
  • Cite
  • Add to your cart (remove)
  • Save record
    BIBTEX Dublin Core MARCXML MARC (non-Unicode/MARC-8) MARC (Unicode/UTF-8) MARC (Unicode/UTF-8, Standard) MODS (XML) RIS
  • More searches
    Search for this title in:
    Other Libraries (WorldCat) Other Databases (Google Scholar) Online Stores (Bookfinder.com) Open Library (openlibrary.org)

Exporting to Dublin Core...

SOUTHVILLE LIBRARY

Southville International School and Colleges Library

1281 Tropical Ave. Cor. Luxembourg St., BF Homes International, Las Pinas City

Tel. No. 8256374 / 252358 Loc. 117/146

Powered by Koha